Welcome to CU Library Online Public Access Catalogue (OPAC)

THE BUSINESS ENT. HANDBOOK (Record no. 5309)

MARC details
000 -LEADER
fixed length control field 00457nam a22001817a 4500
005 - DATE AND TIME OF LATEST TRANSACTION
control field 20250328151336.0
008 - FIXED-LENGTH DATA ELEMENTS--GENERAL INFORMATION
fixed length control field 250328b |||||||| |||| 00| 0 eng d
020 ## - INTERNATIONAL STANDARD BOOK NUMBER
International Standard Book Number 9780749434892
050 ## - LIBRARY OF CONGRESS CALL NUMBER
Classification number HD 30.28 BAR
100 ## - MAIN ENTRY--PERSONAL NAME
Personal name BARROW COLIN
245 ## - TITLE STATEMENT
Title THE BUSINESS ENT. HANDBOOK
260 ## - PUBLICATION, DISTRIBUTION, ETC.
Place of publication, distribution, etc. LONDON
Name of publisher, distributor, etc. KOGAN PAGE
Date of publication, distribution, etc. 2001
300 ## - PHYSICAL DESCRIPTION
Extent X,358p.,GRAPHS,TABLES,ILLUS.
500 ## - GENERAL NOTE
General note INDEX
700 ## - ADDED ENTRY--PERSONAL NAME
Personal name BROWN ROBERT
710 ## - ADDED ENTRY--CORPORATE NAME
Corporate name or jurisdiction name as entry element CLARKE LIZ
942 ## - ADDED ENTRY ELEMENTS (KOHA)
Source of classification or shelving scheme Library of Congress Classification
Koha item type Books
Suppress in OPAC No
999 ## -
-- 5309
-- 5309
Holdings
Withdrawn status Lost status Source of classification or shelving scheme Damaged status Not for loan Collection Home library Current library Shelving location Date acquired Total checkouts Full call number Barcode Date last seen Copy number Price effective from Koha item type
    Library of Congress Classification     Non-fiction Graduate Library (Christ Temple) Graduate Library (Christ Temple) General stacks 03/28/2025   HD 30.28 BAR gsct00000949 03/28/2025 1 03/28/2025 Books
    Library of Congress Classification     Non-fiction Graduate Library (Christ Temple) Graduate Library (Christ Temple) General stacks 03/28/2025   HD 30.28 BAR gsct00000950 03/28/2025 2 03/28/2025 Books
© 2023-2024 Copyright: Central University Libraries. All Rights Reserved | Created by: Mahone Tech Office